|
|
|
|
| LEADER |
00000nam a2200000 a 4500 |
| 003 |
Ucuenca |
| 005 |
20231110062819.0 |
| 008 |
961071|1972 ec |||||r|||||||||||spa|| |
| 040 |
|
|
|b spa
|
| 041 |
0 |
|
|a es
|
| 082 |
0 |
|
|a E863.4
|
| 100 |
1 |
|
|a Jácome, Gustavo Alfredo.
|d 1912-
|9 5299
|
| 245 |
|
|
|a Barro dolorido
|c Gustavo Alfredo Jácome
|h imp
|
| 264 |
|
|
|a Quito
|b Casa de la Cultura Ecuatoriana
|c 1961
|
| 300 |
|
|
|a 296 páginas:
|c 18 cm
|
| 650 |
|
0 |
|a Cuento ecuatoriano
|9 574
|
| 650 |
|
0 |
|a Literatura ecuatoriana
|9 307
|
| 852 |
|
|
|a UC-CDJBV
|
| 942 |
|
|
|c BK
|0 1
|2 ddc
|z bladimir.cabrerar@ucuenca.edu.ec
|
| 999 |
|
|
|c 156924
|d 156924
|